On This Day: February 14th II Quiz Stats

 Plays Quiz Updated Feb 19, 2018

Score 0/7 Timer 03:00
0 Plays Today
Question Answer Wrong Answers
______ is launched by a group of former PayPal employees, eventually becoming the largest video sharing website in the world, and a main source for viral videos.
2005
YouTube
85.6%
Vimeo
4.8%
Vine
6.8%
Periscope
0.9%
This British explorer is killed by native Hawaiians near Kealakekua on the Island of Hawaii.
1779
James Cook
85.4%
Joseph Banks
1.2%
Francis Drake
8.8%
John Cabot
4.6%
This territory, today known as ‘The Grand Canyon State’, is admitted as the 48th US state.
1912
Arizona
82.8%
New Mexico
3.2%
Utah
3.1%
Colorado
10.5%
The Computing-Tabulating-Recording Company changes its name to this.
1924
IBM
80.7%
Dell
4.5%
Intel
5.5%
Hewlett-Packard
8.3%
The spacecraft NEAR Shoemaker enters orbit around 433 Eros, the first spacecraft to orbit an ______.
2000
Asteroid
74.3%
Exoplanet
13.8%
Interstellar Cloud
5.2%
Ice Giant
4.9%
This English actor, who co-wrote and starred in ‘Shaun of the Dead’ and ‘Hot Fuzz’, is born.
1970
Simon Pegg
70.1%
James Corden
10.7%
Sacha Baron Cohen
14.2%
Richard Ayoade
3.5%
The controversial fire-bombing of this German city by the British Royal Air Force and the United States Army Air Forces reaches its peak.
1945
Dresden
69.6%
Hamburg
12.3%
Stuttgart
5.5%
Düsseldorf
11.3%

You're not logged in!

Compare scores with friends on all Sporcle quizzes.
OR
Log In

Sporcle TV

Today on Sporcle TV


Watch our educational content, quiz creation guides, and fun videos on Sporcle TV.

Show Comments

Extras

Top Quizzes Today


Score Distribution

Your Account Isn't Verified!

In order to create a playlist on Sporcle, you need to verify the email address you used during registration. Go to your Sporcle Settings to finish the process.

Report this User

Report this user for behavior that violates our Community Guidelines.

Details: